Xây dựng và phát triển đội ngũ giám đốc doanh nghiệp nhà nước ở Việt Nam

Nghiên cứu những vấn đề lý luận, thực tiễn về đội ngũ giám đốc doanh nghiệp nhà nước (DNNN) gắn với quá trình hình thành và phát triển của hệ thống DNNH để tìm ra các giải pháp xây dựng và phát triển đội ngũ giám đốc DNNN...

Celý popis

Uloženo v:
Podrobná bibliografie
Hlavní autor: Vũ, Đăng Minh
Médium: Kniha
Jazyk:Undetermined
Vydáno: Hà Nội Chính trị Quốc gia 2009
Témata:
Tagy: Přidat tag
Žádné tagy, Buďte první, kdo otaguje tento záznam!
Thư viện lưu trữ: Trung tâm Học liệu Trường Đại học Cần Thơ
LEADER 01000nam a2200205Ia 4500
001 CTU_147626
008 210402s9999 xx 000 0 und d
020 |c 28000 
082 |a 658.4 
082 |b M312 
100 |a Vũ, Đăng Minh 
245 0 |a Xây dựng và phát triển đội ngũ giám đốc doanh nghiệp nhà nước ở Việt Nam 
245 0 |c Vũ Đăng Minh 
260 |a Hà Nội 
260 |b Chính trị Quốc gia 
260 |c 2009 
520 |a Nghiên cứu những vấn đề lý luận, thực tiễn về đội ngũ giám đốc doanh nghiệp nhà nước (DNNN) gắn với quá trình hình thành và phát triển của hệ thống DNNH để tìm ra các giải pháp xây dựng và phát triển đội ngũ giám đốc DNNN 
650 |a Management,Executives,Quản lý 
904 |i Nguyên 
980 |a Trung tâm Học liệu Trường Đại học Cần Thơ